000 00591nam a2200241Ia 4500
003 OSt
005 20220918175533.0
006 a|||||r|||| 00| 0
007 ta
008 220917b |||||||| |||| 00| 0 eng d
024 _a17,846
037 _cTextual
040 _aARTS
_cARTS
_beng
041 _2eng
_aeng
082 _aO:1M19x, E7
100 _aLowell James Russell
_954338
245 0 _aPoems
260 _c1917
490 _aOxford edition
650 _aENGLISH LITERATURE
942 _hO:1M19x, E7
_cTEXL
_2CC
999 _c158007
_d158007